Oportunidades y amenazas para el proyecto de conservación y uso sostenible de la biodiversidad en los Andes colombianos presentes en la ley del plan nacional de desarrollo (Registro nro. 8840)

Detalles MARC
000 -CABECERA
Campo de control 00918 a2200181 4500
005 - FECHA Y HORA DE LA ULTIMA TRANSACCION
Campo de control 20170207084113.0
008 - ELEMENTOS DE LONGITUD FIJA—INFORMACION GENERAL
Campo de control 141127b xxu||||| |||| 00| 0 spa d
040 ## - FUENTE DE CATALOGACIÓN
Agencia transcriptora CO-BoIH
Agencia catalogadora original CO-BoIAVH
041 ## - IDIOMA
Código de idioma para texto/pista de sonido o título separado Español
090 ## - CLASIFICACIÓN LOCAL
Colección IAVH
Consecutivo 00214
100 ## - ASIENTO PRINCIPAL--NOMBRE PERSONAL
Nombre personal Gaviria, Diana
9 (RLIN) 4595
110 ## - ASIENTO PRINCIPAL--NOMBRE CORPORATIVO
Nombre corporativo o de jurisdicción como elemento de entrada Instituto de Investigación de Recursos Biológicos Alexander von Humboldt. Proyecto Andes
9 (RLIN) 4596
245 1# - MENCION DE TITULO
Título Oportunidades y amenazas para el proyecto de conservación y uso sostenible de la biodiversidad en los Andes colombianos presentes en la ley del plan nacional de desarrollo
Parte restante del título Estrategia de Sostenib Financiera
260 ## - PUBLICACION, DISTRIBUCION, ETC. (PIE DE IMPRENTA)
Lugar de publicación, distribución, etc. :
Nombre del editor, distribuidor, etc. ,
Fecha de publicación, distribución, etc. .
300 ## - DESCRIPCION FISICA
Extensión 24 p.
773 0# - Item fuente:
Asiento principal Gaviria, Diana
Lugar, editorial y fecha de publicación Bogotá Ìnstituto Alexander von Humboldt 1998
Título Oportunidades y amenazas para el proyecto de conservación y uso sostenible de la biodiversidad en los Andes colombianos presentes en la ley del plan nacional de desarrollo
942 ## - ELEMENTOS ADICIONALES (KOHA)
Sistema de clasificación Local
Tipo de ítem Informe Técnico
Existencias
Withdrawn status Lost status Sistema de Clasificación Damaged status No para préstamo Colección Ubicación Permanente Ubicación actual Fecha de adquisición Total Checkouts Número topográfico Inventario / Código de Barras Date last seen Ejemplar Price effective from Forma de adquisición Tipo de material Public note
    Local     Audiovisual Bogotá Bogotá 07/02/2017   MM-00254 014189 27/11/2014 Ej.1 27/11/2014 Institucional CD-ROM Anexo 3